Normal view
MARC view
- Pakistan
Entry Geographic Name
001 - CONTROL NUMBER
- control field: 87812
003 - CONTROL NUMBER IDENTIFIER
- control field: NUST
005 - DATE AND TIME OF LATEST TRANSACTION
- control field: 20220111094005.0
008 - FIXED-LENGTH DATA ELEMENTS
- fixed length control field: 220111|| aca||aabn | a|a d
040 ## - CATALOGING SOURCE
- Original cataloging agency: NUST
- Transcribing agency: NUST
151 ## - HEADING--GEOGRAPHIC NAME
- Geographic name: Pakistan
670 ## - SOURCE DATA FOUND
- Source citation: Work cat.: (NUST)587540: Civil law cases:, 1996.
